| 000 | 00757nam a2200193 i 4500 | ||
|---|---|---|---|
| 001 | 141324 | ||
| 003 | ES-MaACL | ||
| 005 | 20230906200254.0 | ||
| 007 | t| | ||
| 008 | 070921s1947 sp |||| | spa d | ||
| 080 | _a343.123.12(460)(078) | ||
| 100 | 1 |
_aVillar y Romero, José María. _9115107 |
|
| 245 | 1 | 0 |
_aApéndice a las contestaciones... para las oposiciones de agentes de tercera clase del Cuerpo General de Policía / _credactado por José María Villar y Romero... y Manuel Suárez Delgado. |
| 260 |
_aMadrid : _bInstituto Editorial Reus, _c1947. |
||
| 300 |
_a46 p. ; _c22 cm. |
||
| 610 | 1 | 7 |
_aEspaña. _bPolicía Nacional- _vContestaciones para oposiciones. _93949 |
| 700 | 1 |
_aSuárez Delgado, Manuel. _9108613 |
|
| 852 |
_aES-MaACL _j1867-F-16 |
||
| 999 |
_c141324 _d141324 |
||